[Event "29. Staufer-Open (A)"]
[Site "?"]
[Date "2017.01.04"]
[Round "6"]
[White "Vorobiov, Evgeny E"]
[Black "Stets, Dmitry"]
[Result "1-0"]
[WhiteElo "2585"]
[BlackElo "2425"]
[PlyCount "57"]
[EventDate "2017.??.??"]
[WhiteTeam "SF 90 Spraitbach"]
[BlackTeam "SF Gerresheim"]

1. d4 Nf6 2. c4 g6 3. g3 Bg7 4. Bg2 O-O 5. Nc3 d6 6. Nf3 Nc6 7. O-O Bf5 8. d5
Na5 9. Nd2 c6 10. b4 Nxd5 11. cxd5 Bxc3 12. e4 Bxe4 13. Nxe4 Bxa1 14. bxa5 Bg7
15. a6 c5 16. h4 bxa6 17. h5 Rb8 18. hxg6 hxg6 19. Qg4 Qc8 20. Qh4 Re8 21. Bh3
Qb7 22. Ng5 Qxd5 23. Qh7+ Kf8 24. Ne6+ fxe6 25. Qxg6 Qf3 26. Bf4 Rb4 27. Bxe6
Rxf4 28. gxf4 Qxf4 29. Rb1 1-0

[Event "29. Staufer-Open (A)"]
[Site "?"]
[Date "2017.01.04"]
[Round "6"]
[White "Miezis, Normunds"]
[Black "Velicka, Petr"]
[Result "1/2-1/2"]
[WhiteElo "2507"]
[BlackElo "2420"]
[PlyCount "107"]
[EventDate "2017.??.??"]
[WhiteTeam "SC Emmendingen"]
[BlackTeam "SK Passau"]

1. c4 Nf6 2. Nc3 e5 3. Nf3 Nc6 4. g3 Bb4 5. Bg2 Bxc3 6. dxc3 d6 7. Nd2 Be6 8.
e4 O-O 9. Qe2 Nd7 10. Nf1 f5 11. exf5 Bxf5 12. Ne3 Bg6 13. O-O Nf6 14. Nd5 Nxd5
15. cxd5 Ne7 16. f4 exf4 17. Bxf4 Qd7 18. Bg5 Rxf1+ 19. Rxf1 Re8 20. Qf2 b6 21.
b3 h6 22. Bc1 Kh7 23. c4 Ng8 24. Bb2 Bd3 25. Re1 Rxe1+ 26. Qxe1 Qe7 27. Qd2 Bf5
28. h3 Nf6 29. g4 Bg6 30. b4 Qe8 31. a3 Be4 32. Bf1 Qg6 33. Qe3 Nd7 34. Be2 Nf6
35. Kh2 Qg5 36. Qxg5 hxg5 37. Bd4 Nd7 38. Kg3 Kg6 39. Kf2 Kf7 40. Bf1 Ne5 41.
Ke3 Bc2 42. Bxe5 dxe5 43. c5 Kf6 44. Bc4 Bg6 45. Bd3 Bf7 46. Be4 Ke7 47. Kd3
Kd8 48. Kc4 c6 49. b5 cxd5+ 50. Bxd5 Bg6 51. Bc6 Bf7+ 52. Bd5 Bg6 53. Bc6 Bf7+
54. Bd5 1/2-1/2

[Event "29. Staufer-Open (A)"]
[Site "?"]
[Date "2017.01.04"]
[Round "6.4"]
[White "Skembris, Spyridon"]
[Black "Dgebuadze, Alexandre"]
[Result "1/2-1/2"]
[WhiteElo "2388"]
[BlackElo "2505"]
[PlyCount "66"]
[EventDate "2017.??.??"]
[WhiteTeam "SC Grunbach"]

1. c4 e6 2. g3 d5 3. Nf3 g6 4. Bg2 Bg7 5. O-O d4 6. d3 Ne7 7. b4 O-O 8. Bb2 a5
9. a3 Nf5 10. Nbd2 Nc6 11. b5 Nce7 12. a4 h5 13. Nb3 Ra7 14. Qc2 b6 15. Ba3 Re8
16. Rae1 c5 17. bxc6 Nxc6 18. c5 Nb4 19. Bxb4 axb4 20. cxb6 Qxb6 21. Rc1 Bb7
22. Qb2 Bd5 23. Nfd2 Bxg2 24. Kxg2 Qb7+ 25. Kg1 Ne3 26. fxe3 dxe3 27. d4 exd2
28. Qxd2 Qd5 29. Qd3 Rd8 30. Rc4 Bf8 31. e4 Qb7 32. Qc2 Qd7 33. Kg2 e5 1/2-1/2

[Event "29. Staufer-Open (A)"]
[Site "?"]
[Date "2017.01.04"]
[Round "6"]
[White "Pfreundt, Jakob"]
[Black "Teske, Henrik"]
[Result "0-1"]
[WhiteElo "2347"]
[BlackElo "2498"]
[PlyCount "120"]
[EventDate "2017.??.??"]
[WhiteTeam "Königsspr. SC"]
[BlackTeam "SV Empor Erfurt"]

1. e4 c5 2. Nf3 Nc6 3. d4 cxd4 4. Nxd4 d6 5. Nc3 e6 6. g3 Nf6 7. Bg2 Bd7 8. O-O
Be7 9. Ndb5 Qb8 10. Bg5 a6 11. Bxf6 gxf6 12. Nd4 h5 13. h4 Qa7 14. Nce2 Rc8 15.
a4 Qb6 16. Nxc6 bxc6 17. Nf4 Qxb2 18. Nxh5 Qe5 19. Nf4 f5 20. exf5 Qxf5 21. Rb1
d5 22. Bh3 Qe4 23. Re1 Qxa4 24. Rb7 Rxh4 25. Bxe6 fxe6 26. Nxe6 Qg4 27. Nc7+
Kf8 28. Nxd5 cxd5 29. Qxg4 Rxg4 30. Rxd7 Re4 31. Ra1 Re6 32. Rxd5 Rxc2 33. Rda5
Rcc6 34. R1a4 Rb6 35. Kg2 Bb4 36. Rf5+ Kg7 37. Ra1 a5 38. Rf4 Rbd6 39. Rg4+ Kf7
40. Rh1 Rh6 41. Rc1 Rc6 42. Rf4+ Kg7 43. Rg4+ Rhg6 44. Rxc6 Rxg4 45. Kh3 Rd4
46. Ra6 Bc3 47. f4 a4 48. Kg4 Bb2 49. Kf5 a3 50. Ra7+ Kf8 51. g4 Bc1 52. Ke5
Rb4 53. Ra8+ Ke7 54. Ra7+ Ke8 55. f5 Rxg4 56. Ra8+ Kf7 57. Ra7+ Kg8 58. Ra8+
Kh7 59. f6 Bb2+ 60. Kf5 Rg6 0-1

[Event "29. Staufer-Open (A)"]
[Site "?"]
[Date "2017.01.04"]
[Round "6"]
[White "Kantor, Gergely"]
[Black "Frischmann, Rick"]
[Result "1-0"]
[WhiteElo "2448"]
[BlackElo "2323"]
[PlyCount "71"]
[EventDate "2017.??.??"]
[BlackTeam "SC Schwarzenbach"]

1. d4 Nf6 2. c4 g6 3. f3 d5 4. cxd5 Nxd5 5. e4 Nb6 6. Nc3 Bg7 7. Be3 O-O 8. Qd2
Nc6 9. O-O-O Qd6 10. Kb1 Rd8 11. Nb5 Qd7 12. d5 a6 13. Nc3 Qe8 14. Qc1 Ne5 15.
h4 Nec4 16. Bd4 e5 17. Bc5 h6 18. h5 g5 19. Nh3 Nd7 20. Bf2 b5 21. Bxc4 bxc4
22. Na4 Nb6 23. Nxb6 cxb6 24. Bxb6 Rd7 25. Qxc4 Rb7 26. Bc7 Bf8 27. Nf2 a5 28.
Nd3 f6 29. Rc1 Qf7 30. Rhd1 a4 31. Ka1 Raa7 32. Bxe5 fxe5 33. Qxc8 a3 34. b3
Qxh5 35. Qe6+ Kh8 36. Rc8 1-0

[Event "29. Staufer-Open (A)"]
[Site "?"]
[Date "2017.01.04"]
[Round "6"]
[White "Hahn, Markus"]
[Black "Krassowizkij, Jaroslaw"]
[Result "1/2-1/2"]
[WhiteElo "2324"]
[BlackElo "2447"]
[PlyCount "27"]
[EventDate "2017.??.??"]
[WhiteTeam "Kasseler SK"]
[BlackTeam "SV Griesheim"]

1. d4 Nf6 2. c4 g6 3. Nf3 Bg7 4. Nc3 d5 5. Bg5 Ne4 6. Bh4 Nxc3 7. bxc3 dxc4 8.
Qa4+ c6 9. Qxc4 Qa5 10. e3 Na6 11. Nd2 e5 12. Be2 exd4 13. cxd4 Bf5 14. Qc1
1/2-1/2

[Event "29. Staufer-Open (A)"]
[Site "?"]
[Date "2017.01.04"]
[Round "6"]
[White "Keymer, Vincent"]
[Black "Wichmann, Cliff"]
[Result "1-0"]
[WhiteElo "2428"]
[BlackElo "2319"]
[PlyCount "139"]
[EventDate "2017.??.??"]
[WhiteTeam "SK Gau-Algesheim"]
[BlackTeam "ESV Nickelhütte Aue"]

1. d4 Nf6 2. c4 e6 3. Nf3 d5 4. Nc3 dxc4 5. e3 a6 6. a4 c5 7. Bxc4 Nc6 8. O-O
Be7 9. Qe2 cxd4 10. Rd1 e5 11. exd4 exd4 12. Nxd4 Nxd4 13. Qe5 Qd6 14. Qxd6
Bxd6 15. Rxd4 Bc5 16. Rd3 O-O 17. Bg5 Bf5 18. Rf3 Bg6 19. Bxf6 gxf6 20. Rxf6
Rad8 21. Re1 Rd4 22. b3 Rfd8 23. h3 Kg7 24. Rf3 R8d7 25. g4 Bb4 26. Re5 Bd3 27.
Ne2 Bxe2 28. Rxe2 Bd2 29. Kg2 Bf4 30. Re8 Rc7 31. Bd3 h6 32. Be4 Bd6 33. Rf5
Be7 34. Bd5 Bf6 35. Re3 Rd7 36. Bc4 Bd8 37. Ref3 f6 38. Re3 Re7 39. Rc3 Re5 40.
Rff3 Ba5 41. Rcd3 Rxd3 42. Rxd3 Re7 43. Rd5 Bc7 44. a5 Kf8 45. Rh5 Kg7 46. Rc5
Bd6 47. Rd5 Bb4 48. Kf3 Be1 49. h4 Rc7 50. h5 Kh7 51. Kg2 Bb4 52. f4 Re7 53.
Kf3 Bc3 54. Rd6 Kg7 55. Rd8 Kh7 56. Bg8+ Kg7 57. Bd5 Kh7 58. Rb8 Bxa5 59. Rxb7
Rxb7 60. Bxb7 Kg7 61. Ke4 Bd2 62. Bxa6 Kf7 63. Bc4+ Ke7 64. Kf5 Kd6 65. b4 Kc6
66. b5+ Kc5 67. Ke4 Bc1 68. Be2 Bb2 69. g5 fxg5 70. fxg5 1-0

[Event "29. Staufer-Open (A)"]
[Site "?"]
[Date "2017.01.04"]
[Round "6"]
[White "Rafiee, Makan"]
[Black "Womacka, Mathias"]
[Result "0-1"]
[WhiteElo "2316"]
[BlackElo "2435"]
[PlyCount "62"]
[EventDate "2017.??.??"]
[WhiteTeam "Kasseler SK"]
[BlackTeam "SK Schwäbisch Hall"]

1. e4 c5 2. Nf3 d6 3. d4 cxd4 4. Nxd4 Nf6 5. Nc3 a6 6. Bg5 e6 7. f4 h6 8. Bh4
Qb6 9. Qd2 Qxb2 10. Rb1 Qa3 11. e5 dxe5 12. fxe5 g5 13. Bg3 Nh5 14. Ne4 Qxa2
15. Rb3 Nd7 16. Be2 Qa1+ 17. Bd1 Nc5 18. Nxc5 Bxc5 19. Bf2 Nf4 20. O-O Qa4 21.
g3 Nh3+ 22. Kg2 Nxf2 23. Qxf2 O-O 24. Rd3 b5 25. c3 Qc4 26. Qf6 Qxd3 27. Bc2
Bb7+ 28. Kh3 Be7 29. Qxh6 Qxf1+ 30. Kg4 f5+ 31. exf6 Bf3+ 0-1

[Event "29. Staufer-Open (A)"]
[Site "?"]
[Date "2017.01.04"]
[Round "6"]
[White "Jurek, Josef"]
[Black "Nagy, Gabor"]
[Result "0-1"]
[WhiteElo "2272"]
[BlackElo "2433"]
[PlyCount "76"]
[EventDate "2017.??.??"]
[WhiteTeam "SG Schwäbisch Gmünd"]

1. Nf3 c5 2. c4 Nc6 3. Nc3 Nf6 4. g3 d5 5. cxd5 Nxd5 6. Bg2 Nc7 7. O-O e5 8.
Ne1 Bg4 9. Bxc6+ bxc6 10. Qa4 Qd7 11. Nd3 f6 12. b3 Nb5 13. f3 Bf5 14. Nf2 Be7
15. Nfe4 Be6 16. Rd1 Rb8 17. Bb2 O-O 18. Rac1 f5 19. Nf2 Nd4 20. Ba3 Rb6 21.
Qa5 Qb7 22. Bxc5 Ra6 23. Qxa6 Qxa6 24. Bxe7 Re8 25. Bd6 Nxe2+ 26. Nxe2 Qxe2 27.
Rc3 f4 28. gxf4 exf4 29. Bxf4 Bd5 30. Kg2 h6 31. h4 Re6 32. h5 g5 33. hxg6
Rxg6+ 34. Bg3 Qe5 35. Nh1 h5 36. Kf2 Qd4+ 37. Re3 Rf6 38. Ke2 Bxf3+ 0-1

[Event "29. Staufer-Open (A)"]
[Site "?"]
[Date "2017.01.04"]
[Round "6"]
[White "Krämer, Enrico"]
[Black "Fedorchuk, Sergey A"]
[Result "0-1"]
[WhiteElo "2223"]
[BlackElo "2625"]
[PlyCount "60"]
[EventDate "2017.??.??"]
[WhiteTeam "SG Speyer-Schwegenheim"]

1. d4 Nf6 2. c4 e6 3. Nc3 Bb4 4. e3 O-O 5. Nge2 c6 6. a3 Ba5 7. b4 Bc7 8. Ng3
d5 9. cxd5 exd5 10. Bd3 Re8 11. Qc2 Nbd7 12. O-O h5 13. f3 Nf8 14. Re1 a5 15.
b5 Ne6 16. Nce2 Qd6 17. a4 h4 18. Ba3 Qd7 19. Nf1 h3 20. Rac1 hxg2 21. Kxg2 Nd8
22. Ng1 g6 23. Ng3 Kg7 24. Bb2 Rh8 25. Re2 Qe8 26. e4 Ne6 27. e5 Nh5 28. Nxh5+
Rxh5 29. Kf1 Qd7 30. Rg2 Nf4 0-1

[Event "29. Staufer-Open (A)"]
[Site "?"]
[Date "2017.01.04"]
[Round "6"]
[White "Gavrilov, Alexei"]
[Black "Weller, Manuel"]
[Result "1-0"]
[WhiteElo "2498"]
[BlackElo "2220"]
[PlyCount "53"]
[EventDate "2017.??.??"]
[BlackTeam "SC Schwarzenbach"]

1. d4 d5 2. c4 c6 3. Nc3 Nf6 4. e3 a6 5. Bd3 g6 6. Nf3 Bg7 7. O-O O-O 8. Qc2 b5
9. b3 Nbd7 10. Rd1 Re8 11. Bb2 e6 12. e4 b4 13. Na4 dxe4 14. Bxe4 Nxe4 15. Qxe4
Qc7 16. Ne5 Nxe5 17. dxe5 Bb7 18. c5 a5 19. Rd6 Rad8 20. Rad1 Rxd6 21. exd6 Qd8
22. d7 Re7 23. Bxg7 Kxg7 24. Qe5+ f6 25. Qd6 Rf7 26. Qxe6 Bc8 27. Nb6 1-0

[Event "29. Staufer-Open (A)"]
[Site "?"]
[Date "2017.01.04"]
[Round "6"]
[White "Bayer, Bernhard"]
[Black "Wartlick, Karl"]
[Result "1-0"]
[WhiteElo "2436"]
[BlackElo "2208"]
[PlyCount "37"]
[EventDate "2017.??.??"]
[WhiteTeam "SK Weilheim"]
[BlackTeam "TSV Willsbach"]

1. c4 e5 2. Nc3 Nf6 3. g3 d5 4. cxd5 Nxd5 5. Bg2 Be6 6. Nf3 Nc6 7. O-O Be7 8.
d4 exd4 9. Nxd4 Nxd4 10. Qxd4 Nxc3 11. Qxc3 Bf6 12. Qb4 Rb8 13. Be3 Be7 14. Bc5
Bd7 15. Rfd1 b6 16. Bxe7 Qxe7 17. Qc3 O-O 18. Qxc7 Rfd8 19. Rd2 1-0

[Event "29. Staufer-Open (A)"]
[Site "?"]
[Date "2017.01.04"]
[Round "6"]
[White "Wöllermann, Jan"]
[Black "Fieberg, Samuel"]
[Result "1/2-1/2"]
[WhiteElo "2384"]
[BlackElo "2191"]
[PlyCount "59"]
[EventDate "2017.??.??"]
[WhiteTeam "AE Magdeburg"]
[BlackTeam "SG Porz"]

1. d4 d5 2. c4 c6 3. cxd5 cxd5 4. Bf4 Nf6 5. e3 Nc6 6. Nc3 e6 7. Bd3 Be7 8. h3
O-O 9. Nf3 Bd7 10. O-O Nh5 11. Bh2 f5 12. Ne5 Nf6 13. f3 a6 14. Qe2 Bd6 15.
Nxc6 Bxc6 16. Bxd6 Qxd6 17. f4 Rac8 18. Rac1 Rc7 19. Rc2 Rfc8 20. Rfc1 Bd7 21.
Nb1 Rxc2 22. Rxc2 Rxc2 23. Qxc2 Qc6 24. Qxc6 Bxc6 25. Nd2 Kf7 26. Nf3 Ke7 27.
Kf2 Be8 28. Ne5 Nd7 29. Nxd7 Bxd7 30. Kg3 1/2-1/2

[Event "29. Staufer-Open (A)"]
[Site "?"]
[Date "2017.01.04"]
[Round "6"]
[White "Hacker, Jonas"]
[Black "Höglauer, Patrick"]
[Result "1/2-1/2"]
[WhiteElo "2382"]
[BlackElo "2195"]
[PlyCount "81"]
[EventDate "2017.??.??"]
[WhiteTeam "SC Eppingen"]
[BlackTeam "SC Grunbach"]

1. e4 c5 2. Nf3 e6 3. d4 cxd4 4. Nxd4 a6 5. Nc3 Qc7 6. Be2 b5 7. f4 Bb7 8. Bf3
d6 9. O-O Nd7 10. a3 Be7 11. f5 e5 12. Nde2 Ngf6 13. Kh1 Nb6 14. Bg5 h6 15.
Bxf6 Bxf6 16. Qd3 Rd8 17. a4 b4 18. Nd5 Nxd5 19. exd5 Rc8 20. Be4 Qc4 21. Qf3
a5 22. b3 Qc7 23. Qd3 Qb6 24. Rf3 Ba6 25. Qd1 O-O 26. g3 Rc7 27. h4 Rfc8 28.
Qd2 Bxe2 29. Qxe2 Rc3 30. Raf1 Qd4 31. Kh2 Qc5 32. Rxc3 Qxc3 33. Rf3 Qd4 34.
Rd3 Qb2 35. Re3 Qd4 36. Kh3 Rc5 37. Rd3 Qb2 38. Rf3 Qa1 39. Re3 Qd4 40. Kh2 Bd8
41. Rd3 1/2-1/2

[Event "29. Staufer-Open (A)"]
[Site "?"]
[Date "2017.01.04"]
[Round "6"]
[White "Bogdanov, Egor"]
[Black "Heimrath, Reiner"]
[Result "1-0"]
[WhiteElo "2379"]
[BlackElo "2182"]
[PlyCount "71"]
[EventDate "2017.??.??"]
[WhiteTeam "SF Gerresheim"]
[BlackTeam "SC Noris-Tarrasch Nürnberg"]

1. e4 g6 2. d4 Bg7 3. Nf3 a6 4. Bc4 d6 5. Nc3 h6 6. O-O e6 7. a4 Ne7 8. Re1 O-O
9. Bf4 Kh7 10. Qd2 Nd7 11. Rad1 b6 12. h4 Nc6 13. e5 d5 14. Bd3 Nb4 15. h5 Nxd3
16. Qxd3 c5 17. g3 c4 18. hxg6+ fxg6 19. Qe3 Kg8 20. Bxh6 Rxf3 21. Qxf3 Bxh6
22. Nxd5 Ra7 23. Nc3 Bb7 24. d5 Qe8 25. Qg4 Nf8 26. Ne4 Bg7 27. Nf6+ Bxf6 28.
exf6 Bc8 29. Qxc4 b5 30. axb5 axb5 31. Qd4 Rh7 32. dxe6 Bxe6 33. Qe4 Qb8 34.
Ra1 Qd6 35. Ra8 Bf5 36. Qe7 1-0

[Event "29. Staufer-Open (A)"]
[Site "?"]
[Date "2017.01.04"]
[Round "6"]
[White "Schulze, Andreas"]
[Black "Kostic, Vladimir"]
[Result "0-1"]
[WhiteElo "2206"]
[BlackElo "2352"]
[PlyCount "53"]
[EventDate "2017.??.??"]
[WhiteTeam "TG Biberach"]
[BlackTeam "SK München Südost"]

1. e4 e6 2. d4 d5 3. Nc3 dxe4 4. Nxe4 Nf6 5. Bg5 Be7 6. Bxf6 gxf6 7. Bd3 f5 8.
Ng3 c5 9. dxc5 Qa5+ 10. c3 Qxc5 11. Nf3 Nd7 12. Nd4 Qe5+ 13. Qe2 h5 14. Qxe5
Nxe5 15. Bb5+ Kf8 16. O-O-O h4 17. Nge2 Ng4 18. Rdf1 h3 19. g3 e5 20. Nb3 Be6
21. f3 Ne3 22. Re1 Rd8 23. Ng1 Bg5 24. Kb1 f4 25. Rxe3 fxe3 26. f4 Bf5+ 27. Kc1
0-1

[Event "29. Staufer-Open (A)"]
[Site "?"]
[Date "2017.01.04"]
[Round "6"]
[White "Schwab, Matthias"]
[Black "Müller, Reinhold"]
[Result "0-1"]
[WhiteElo "2163"]
[BlackElo "2256"]
[PlyCount "62"]
[EventDate "2017.??.??"]
[WhiteTeam "SC Böblingen"]
[BlackTeam "SC Schwarzenbach"]

1. d4 Nf6 2. c4 c5 3. d5 e6 4. Nc3 exd5 5. cxd5 d6 6. e4 g6 7. f4 Bg7 8. Bb5+
Nfd7 9. a4 Na6 10. Nf3 Nb4 11. O-O a6 12. Be2 O-O 13. Nd2 f5 14. exf5 gxf5 15.
Nf3 Re8 16. Bc4 Nf6 17. Bd2 Bd7 18. a5 Ng4 19. Re1 Qf6 20. Rxe8+ Rxe8 21. h3
Ne3 22. Bxe3 Rxe3 23. Qd2 Qe7 24. Ng5 Bd4 25. Kh1 h6 26. Nf3 Be8 27. Rf1 Bh5
28. Nxd4 cxd4 29. Nd1 Bxd1 30. Rxd1 Qe4 31. Qxb4 Rxh3+ 0-1

[Event "29. Staufer-Open (A)"]
[Site "?"]
[Date "2017.01.04"]
[Round "6"]
[White "Gießmann, Stephan"]
[Black "Karimi, Farhad"]
[Result "1-0"]
[WhiteElo "2250"]
[BlackElo "2093"]
[PlyCount "143"]
[EventDate "2017.??.??"]
[WhiteTeam "SK Kelheim"]
[BlackTeam "Satranç Club"]

1. d4 c5 2. c3 Nf6 3. Nf3 e6 4. Bg5 Qb6 5. Qc2 Nc6 6. e3 d5 7. Nbd2 Ne4 8. Nxe4
dxe4 9. Nd2 h6 10. Nc4 Nb4 11. Qxe4 Qc6 12. Qxc6+ Nxc6 13. Bf4 cxd4 14. exd4
Be7 15. Nd6+ Kf8 16. Bb5 Bd7 17. O-O a6 18. Be2 g5 19. Bg3 f5 20. Be5 Nxe5 21.
dxe5 Bxd6 22. exd6 Kf7 23. Bf3 g4 24. Be2 h5 25. f3 Rhg8 26. f4 Rgc8 27. Rad1
b5 28. Rd4 Rc5 29. Bd1 a5 30. a3 Ra6 31. Bb3 a4 32. Ba2 Rcc6 33. Rfd1 Rab6 34.
Kf2 h4 35. g3 h3 36. R1d2 Ke8 37. Bb1 Kd8 38. Bc2 Rc5 39. Bb1 Rcc6 40. Ba2 Rc5
41. Re2 Rcc6 42. Bxe6 Rxd6 43. Bd5 Kc7 44. Re5 Rb8 45. Ke3 Rd8 46. Ba2 Rxd4 47.
cxd4 Rb8 48. Bb1 b4 49. Bxf5 bxa3 50. bxa3 Rb3+ 51. Ke4 Bb5 52. Bxg4 Bd3+ 53.
Kd5 Bf1 54. Rh5 Bg2+ 55. Ke6 Rxa3 56. Bxh3 Re3+ 57. Kf6 Bxh3 58. Rxh3 a3 59.
Rh5 Kb6 60. Rc5 a2 61. Rc1 Ra3 62. Ra1 Kc6 63. g4 Kd5 64. g5 Ke4 65. g6 Ra6+
66. Kg5 Ra5+ 67. Kg4 Kxd4 68. g7 Ra8 69. Kf5 Ra5+ 70. Kg6 Ra6+ 71. Kh7 Ra7 72.
Kh8 1-0

[Event "29. Staufer-Open (A)"]
[Site "?"]
[Date "2017.01.04"]
[Round "6"]
[White "Wagner, Florian"]
[Black "Hecht, Carsten"]
[Result "1/2-1/2"]
[WhiteElo "2118"]
[BlackElo "2240"]
[PlyCount "90"]
[EventDate "2017.??.??"]
[WhiteTeam "SC Noris-Tarrasch Nürnberg"]
[BlackTeam "LSV Turm Lippstadt"]

1. d4 Nf6 2. g3 g6 3. Bg2 d5 4. Nf3 Bg7 5. c4 c6 6. b3 O-O 7. O-O dxc4 8. bxc4
c5 9. Bb2 Qb6 10. Qb3 Ne4 11. e3 Na6 12. Ne5 Nd6 13. Nc3 Be6 14. Na4 Qc7 15. d5
Bf5 16. Rac1 Rab8 17. Rfe1 Ne4 18. Nf3 Bxb2 19. Nxb2 Nd6 20. Nh4 Bd7 21. a4 Nb4
22. e4 e5 23. dxe6 Bxe6 24. f4 Nc6 25. e5 Nf5 26. Nxf5 Bxf5 27. h3 h5 28. Nd1
Qa5 29. Ne3 Nd4 30. Qa2 Be6 31. g4 hxg4 32. hxg4 f5 33. exf6 Rxf6 34. Nd5 Rf7
35. Rxe6 Nxe6 36. f5 gxf5 37. gxf5 Nd4 38. f6 Re8 39. Bf1 Nf3+ 40. Kf2 Qd2+ 41.
Qxd2 Nxd2 42. Bd3 Ne4+ 43. Bxe4 Rxe4 44. Kf3 Rd4 45. Re1 Rxc4 1/2-1/2

[Event "29. Staufer-Open (A)"]
[Site "?"]
[Date "2017.01.04"]
[Round "6"]
[White "Pokrupa, Marek"]
[Black "Buckels, Valentin"]
[Result "0-1"]
[WhiteElo "2130"]
[BlackElo "2309"]
[PlyCount "42"]
[EventDate "2017.??.??"]
[WhiteTeam "ASV Burglengenfeld"]
[BlackTeam "SV Mülheim-Nord"]

1. g3 Nf6 2. Bg2 d5 3. c4 e6 4. Nf3 dxc4 5. Qa4+ c6 6. Qxc4 b5 7. Qc2 Bb7 8.
O-O Nbd7 9. a4 Rc8 10. Na3 a6 11. d3 Be7 12. Bd2 O-O 13. b4 c5 14. Qb3 Bd5 15.
Qb2 bxa4 16. bxc5 Nxc5 17. Nc4 Qe8 18. Bb4 Qb5 19. Qa3 Bxc4 20. Nd4 Qd7 21. Nf3
a5 0-1

[Event "29. Staufer-Open (A)"]
[Site "?"]
[Date "2017.01.04"]
[Round "6"]
[White "Wagner, Hans"]
[Black "Kersten, Uwe"]
[Result "0-1"]
[WhiteElo "2096"]
[BlackElo "2280"]
[PlyCount "146"]
[EventDate "2017.??.??"]
[WhiteTeam "MTV Ingolstadt"]
[BlackTeam "Kasseler SK"]

1. b3 c5 2. Bb2 b6 3. e3 Bb7 4. f4 Nf6 5. Nf3 g6 6. Be2 Bg7 7. O-O O-O 8. Qe1
Nc6 9. Qh4 d5 10. d3 e6 11. Qh3 Nd7 12. Bxg7 Kxg7 13. Nbd2 Qe7 14. e4 dxe4 15.
dxe4 e5 16. f5 Nf6 17. c3 Rad8 18. Rae1 Na5 19. Qh4 h6 20. g4 g5 21. Nxg5 Rxd2
22. Nf3 Rd7 23. Bb5 Rc7 24. Qg3 a6 25. Bd3 Rg8 26. Nxe5 Kf8 27. Ng6+ fxg6 28.
e5 c4 29. exf6 Qc5+ 30. Rf2 cxd3 31. Qxd3 Qd5 32. Qxd5 Bxd5 33. Rd1 gxf5 34.
Rxd5 Rc5 35. Kf1 Rxc3 36. Rfxf5 Nc6 37. Rd7 Rg5 38. Rf4 Ne5 39. Rb7 Rf3+ 40.
Rxf3 Nxf3 41. Rxb6 Nxh2+ 42. Kf2 a5 43. b4 axb4 44. Rxb4 Nxg4+ 45. Kf3 Nxf6 46.
a4 Kf7 47. Rb1 Ra5 48. Rh1 Kg6 49. Rg1+ Kh7 50. Ra1 Nd5 51. Rd1 Nb6 52. Rd6
Nxa4 53. Rd7+ Kg6 54. Rd6+ Kg5 55. Kg3 Nc3 56. Rd8 Ne4+ 57. Kf3 Nf6 58. Rd3 Rc5
59. Ra3 h5 60. Kg2 Rc4 61. Kh3 Ne4 62. Ra5+ Rc5 63. Ra4 Rc3+ 64. Kg2 Kf4 65.
Kh2 Re3 66. Rb4 Kg4 67. Kg2 Re2+ 68. Kf1 Kf3 69. Rb3+ Re3 70. Rxe3+ Kxe3 71.
Kg2 Kf4 72. Kh3 Kg5 73. Kg2 Kg4 0-1

[Event "29. Staufer-Open (A)"]
[Site "?"]
[Date "2017.01.04"]
[Round "6"]
[White "Kahrovic, Mersid"]
[Black "Schönberger, Peter"]
[Result "1-0"]
[WhiteElo "2268"]
[BlackElo "2085"]
[PlyCount "73"]
[EventDate "2017.??.??"]
[WhiteTeam "SF 90 Spraitbach"]
[BlackTeam "SCHWARMSTE"]

1. c4 Nf6 2. Nc3 g6 3. e4 d6 4. d4 Bg7 5. f3 O-O 6. Be3 Nc6 7. Nge2 a6 8. Qd2
Rb8 9. Nc1 e5 10. d5 Nd4 11. Nb3 Nxb3 12. axb3 Bd7 13. b4 Nh5 14. Bd3 f5 15.
O-O-O Nf4 16. Bc2 b5 17. c5 fxe4 18. Nxe4 Bf5 19. Kb1 Kh8 20. g4 Bxe4 21. Bxe4
Ra8 22. h4 Qb8 23. Kc2 a5 24. Ra1 axb4 25. Qxb4 c6 26. Bxf4 Rxf4 27. Qd2 cxd5
28. Qxd5 Ra4 29. Rxa4 bxa4 30. cxd6 Rf8 31. d7 Rd8 32. Rd1 Qb6 33. Rd2 Qf6 34.
g5 Qe7 35. Qa5 Bf8 36. Qxa4 Kg7 37. Qc6 1-0

[Event "29. Staufer-Open (A)"]
[Site "?"]
[Date "2017.01.04"]
[Round "6"]
[White "Holle, Cedric"]
[Black "Hildenbrand, Peter"]
[Result "0-1"]
[WhiteElo "2043"]
[BlackElo "2226"]
[PlyCount "78"]
[EventDate "2017.??.??"]
[WhiteTeam "SVG Saarbrücken"]
[BlackTeam "SC Leimen"]

1. e4 d6 2. d4 Nf6 3. Nc3 e5 4. Nf3 Nbd7 5. g3 g6 6. Bg2 Bg7 7. O-O O-O 8. dxe5
dxe5 9. Qe2 c6 10. Rd1 Qc7 11. Be3 Ng4 12. Bg5 Re8 13. Nd2 Nb6 14. Bf3 h6 15.
Bxg4 hxg5 16. a4 Qe7 17. Bxc8 Raxc8 18. a5 Na8 19. Qe3 a6 20. Nc4 Rcd8 21. Rxd8
Rxd8 22. Na4 Rd4 23. b3 Nc7 24. c3 Rd8 25. Nc5 Nb5 26. b4 f6 27. Kg2 Bf8 28.
Nb6 Qf7 29. Re1 g4 30. Nba4 Kh7 31. Rh1 Bh6 32. Qe2 f5 33. Rd1 f4 34. f3 Rxd1
35. Qxd1 Qa2+ 36. Kh1 Qf2 37. Ne6 Nd6 38. Nac5 gxf3 39. Qg1 Qe2 0-1

[Event "29. Staufer-Open (A)"]
[Site "?"]
[Date "2017.01.04"]
[Round "6"]
[White "Henrich, Thomas"]
[Black "Einwiller, Dieter"]
[Result "1-0"]
[WhiteElo "2224"]
[BlackElo "2108"]
[PlyCount "65"]
[EventDate "2017.??.??"]
[WhiteTeam "SK Marburg"]
[BlackTeam "SF Pfullingen"]

1. d4 d5 2. c4 e6 3. Nf3 Nf6 4. Nc3 Nbd7 5. Bf4 a6 6. c5 c6 7. e3 Nh5 8. Bg5
Be7 9. Bxe7 Qxe7 10. Ne5 g6 11. Nxd7 Bxd7 12. Be2 Ng7 13. Qb3 O-O 14. f4 Rab8
15. e4 dxe4 16. Nxe4 Rfd8 17. O-O-O Be8 18. g4 Qc7 19. Qe3 Qe7 20. h4 f5 21.
Nd6 Bf7 22. gxf5 Rxd6 23. cxd6 Qxd6 24. fxg6 hxg6 25. Qe5 Rd8 26. Bg4 Qe7 27.
Bf3 Rd7 28. h5 gxh5 29. Rdg1 Be8 30. Bxh5 Bxh5 31. Qxh5 Qf8 32. Qh8+ Kf7 33.
Rxg7+ 1-0

[Event "29. Staufer-Open (A)"]
[Site "?"]
[Date "2017.01.04"]
[Round "6"]
[White "Böhm, Martin"]
[Black "Gebhardt, Uwe"]
[Result "1-0"]
[WhiteElo "2204"]
[BlackElo "2080"]
[PlyCount "67"]
[EventDate "2017.??.??"]
[WhiteTeam "SC Bann"]
[BlackTeam "SC Weiße Dame Ulm"]

1. e4 g6 2. d4 Bg7 3. Nc3 d6 4. f4 c6 5. Nf3 Nd7 6. Bd3 b5 7. Qe2 Nb6 8. O-O
Nf6 9. a3 O-O 10. e5 Nfd5 11. Ne4 Bf5 12. Nh4 Bxe4 13. Qxe4 f5 14. Qe1 Nc7 15.
c3 d5 16. g4 e6 17. Qg3 Qe7 18. Kh1 Nc4 19. Rg1 a5 20. b3 Nb6 21. gxf5 exf5 22.
Nxg6 hxg6 23. Qxg6 Qf7 24. Bxf5 Qxg6 25. Bxg6 b4 26. a4 bxc3 27. f5 Na6 28. Bg5
c5 29. f6 cxd4 30. Rad1 Nc5 31. Rxd4 Ne6 32. Be3 Nxd4 33. Bxd4 Nd7 34. Bf5 1-0

[Event "29. Staufer-Open (A)"]
[Site "?"]
[Date "2017.01.04"]
[Round "6"]
[White "Polacik, Igor"]
[Black "Schallner, Marc"]
[Result "1/2-1/2"]
[WhiteElo "2199"]
[BlackElo "2007"]
[PlyCount "40"]
[EventDate "2017.??.??"]
[BlackTeam "SF Kornwestheim"]

1. Nf3 d5 2. g3 Nf6 3. Bg2 g6 4. O-O Bg7 5. d4 O-O 6. Nbd2 Bf5 7. c4 c6 8. b3
Ne4 9. Bb2 e6 10. e3 Nd7 11. h3 Nxd2 12. Nxd2 Bd3 13. Re1 Nf6 14. Rc1 h5 15.
Nb1 Bxb1 16. Rxb1 Ne4 17. h4 f5 18. Qe2 Qd6 19. Red1 Rac8 20. Rbc1 Kh7 1/2-1/2

[Event "29. Staufer-Open (A)"]
[Site "?"]
[Date "2017.01.04"]
[Round "6"]
[White "Ewert, Hannes"]
[Black "Benkö, Florian"]
[Result "1-0"]
[WhiteElo "2184"]
[BlackElo "1983"]
[PlyCount "57"]
[EventDate "2017.??.??"]
[WhiteTeam "SV Hellern"]
[BlackTeam "SC Tettnang"]

1. e4 Nc6 2. Nc3 e6 3. Nf3 d5 4. d4 dxe4 5. Nxe4 Nf6 6. Nxf6+ Qxf6 7. Bd3 h6 8.
O-O Bd7 9. c3 Bd6 10. Qe2 O-O-O 11. b4 g5 12. b5 Ne7 13. c4 Ng6 14. Bxg6 Qxg6
15. c5 Bf4 16. c6 Be8 17. Bxf4 gxf4 18. cxb7+ Kxb7 19. Ne5 Qf5 20. Qc4 f6 21.
Rfc1 Rh7 22. Nc6 Ra8 23. Qa4 a6 24. bxa6+ Kc8 25. Qb3 Bxc6 26. Rxc6 Ra7 27.
Rxe6 Kd7 28. Rae1 Qa5 29. Qb8 1-0

[Event "29. Staufer-Open (A)"]
[Site "?"]
[Date "2017.01.04"]
[Round "6"]
[White "Walter, Kevin"]
[Black "Krastev, Alexander"]
[Result "1-0"]
[WhiteElo "2178"]
[BlackElo "1961"]
[PlyCount "35"]
[EventDate "2017.??.??"]
[WhiteTeam "SK Sontheim/Brenz"]
[BlackTeam "Biebertaler SF"]

1. e4 e5 2. Nf3 Nc6 3. Bb5 f5 4. Nc3 fxe4 5. Nxe4 d5 6. Ng3 Qd6 7. Bxc6+ bxc6
8. Qe2 Bg4 9. Qxe5+ Kd7 10. O-O Re8 11. Qc3 h5 12. d4 h4 13. Ne5+ Rxe5 14. dxe5
Qg6 15. Nh1 Be2 16. Re1 Bb4 17. Qxb4 Bf3 18. e6+ 1-0